It looks like you're offline.
Open Library logo
additional options menu

MARC record from Internet Archive

LEADER: 04235cam 2200757 i 4500
001 ocn894227413
003 OCoLC
005 20220113211344.0
008 141103s2014 enka o 000 0 eng d
006 m o d
007 cr cnu---unuuu
040 $aN$T$beng$erda$epn$cN$T$dIDEBK$dTEFOD$dCDX$dE7B$dYDXCP$dEBLCP$dOCLCO$dOCLCQ$dTEFOD$dOCLCO$dOCLCF$dOCLCO$dAGLDB$dOCLCQ$dOCLCO$dMERUC$dOCLCQ$dOCLCO$dJBG$dVTS$dOCLCQ$dOCLCO$dSTF$dM8D$dOCLCQ$dOCLCO$dOCL$dAJS$dOCLCQ$dOCLCO
019 $a894792018
020 $a9781473840287$q(electronic bk.)
020 $a1473840287$q(electronic bk.)
020 $a9781473840812$q(electronic bk.)
020 $a1473840813$q(electronic bk.)
020 $z9781783463930
020 $z1783463937
035 $a(OCoLC)894227413$z(OCoLC)894792018
037 $aD96C72D8-975A-4CB4-AEC0-780C51A697D3$bOverDrive, Inc.$nhttp://www.overdrive.com
043 $ae-uk---
050 4 $aUG446.5$b.F65 2014eb
072 7 $aHIS$x010020$2bisacsh
082 04 $a940.41241$223
100 1 $aFoley, Michael,$d1955-$eauthor.
245 10 $aRise of the tank /$cMichael Foley.
264 1 $aBarnsley :$bPen & Sword Military,$c2014.
300 $a1 online resource
336 $atext$btxt$2rdacontent
337 $acomputer$bc$2rdamedia
338 $aonline resource$bcr$2rdacarrier
588 0 $aPrint version record.
505 0 $aCover; Title Page; Copyright Page; Contents; Acknowledgements; Introduction; Chapter 1: The Idea of a Land Ship; Chapter 2: Development of the Tank; Chapter 3: The Tank in Action; Chapter 4: The Men in the Tanks; Conclusion; Appendix: Tank Banks and Tanks in London; Bibliography; Index.
520 $aRise of the Tank will be concentrated on the period of the development of the tank and its use in the First World War. This will appeal to those interested in new developments in war and those interested in the First World War generally. The book will be especially relevant due to the forthcoming centenary of the beginning of the war and for this reason it will be easy to promote the book as there will be a lot of media interest. Using the resources of the Imperial War Museum, The National Archives and the Tank Museum, Rise of the Tank will have lots of information available on the development.
650 0 $aTanks (Military science)$zGreat Britain$xHistory$y20th century.
650 0 $aMilitary art and science$xHistory$y20th century.
651 0 $aWorld War, 1914-1918$xTank warfare.
650 7 $aHISTORY$zEurope$xWestern.$2bisacsh
650 7 $aMilitary art and science.$2fast$0(OCoLC)fst01020874
650 7 $aTank warfare.$2fast$0(OCoLC)fst01142710
650 7 $aTanks (Military science)$2fast$0(OCoLC)fst01142780
651 7 $aGreat Britain.$2fast$0(OCoLC)fst01204623
647 7 $aWorld War$d(1914-1918)$2fast$0(OCoLC)fst01180746
648 7 $a1900-1999$2fast
655 4 $aElectronic books.
655 7 $aHistory.$2fast$0(OCoLC)fst01411628
776 08 $iPrint version:$aFoley, Michael, 1955-$tRise of the tank$z9781783463930$w(OCoLC)885008755
856 40 $3ebrary$uhttp://site.ebrary.com/id/10990326
856 40 $3EBSCOhost$uhttps://search.ebscohost.com/login.aspx?direct=true&scope=site&db=nlebk&db=nlabk&AN=882161
856 40 $3MyiLibrary$uhttp://www.myilibrary.com?id=655217
856 40 $3OverDrive$uhttps://www.overdrive.com/search?q=D96C72D8-975A-4CB4-AEC0-780C51A697D3
856 40 $3ProQuest Ebook Central$uhttps://public.ebookcentral.proquest.com/choice/publicfullrecord.aspx?p=1831991
856 4 $3Excerpts$uhttps://samples.overdrive.com/rise-of-the-d96c72?.epub-sample.overdrive.com
856 4 $3Image$uhttp://images.contentreserve.com/ImageType-100/2560-1/{D96C72D8-975A-4CB4-AEC0-780C51A697D3}Img100.jpg
938 $aCoutts Information Services$bCOUT$n30011749
938 $aEBL - Ebook Library$bEBLB$nEBL1831991
938 $aebrary$bEBRY$nebr10990326
938 $aEBSCOhost$bEBSC$n882161
938 $aProQuest MyiLibrary Digital eBook Collection$bIDEB$ncis30011749
938 $aYBP Library Services$bYANK$n12147526
029 1 $aAU@$b000062351053
029 1 $aDEBBG$bBV043783313
029 1 $aDEBSZ$b472852884
994 $aZ0$bP4A
948 $hHELD BY P4A - 852 OTHER HOLDINGS